000 00619nam a2200229 i 4500
001 C2-0279393
003 PPAK
005 20180728010622.0
008 070425s xx a|||| ||||| | may d
040 _aPPAK
_beng
_cPPAK
_erda
082 0 4 _a371.1
_223
090 0 0 _a371.1
_bMEG
_dKK
100 0 _aMegat Ahmad Supian b Megat Uda,
_eauthor
245 1 0 _aPeranan guru masakini
300 _a3 pages :
_billustrations ;
_c30 cm
336 _2rdacontent
_atext
337 _2rdamedia
_aunmediated
338 _2rdacarrier
_avolume
500 _aPetikan dari majalah Wahida 1979
650 1 0 _aTeachers
942 _ddc
_cB
999 _c86042
_d86042